000 00497nam a2200181Ia 4500
001 16278
005 20260306170257.0
008 260306t2007||||xx |||||||||||||| ||und||
041 _aESP
082 _a347.51L
_bB29
100 _aBeaumont Callirgos, Ricardo [1943-...]
_eAUT
245 0 _aComentarios a la ley general de sociedades:
_bAnálisis artículo por artículo
260 _c2007
300 _a1006 páginas :
_c19 cm.
650 _aGEN
654 _aCDE
942 _cLIB
_dJUS
_fJUS
_2ddc
_n
999 _c16278
_d16278